Do It Yourself Microsoft Windows Me

Bibliographic Details
Main Author: Hartsfvang, Bjoern-Erik
Format: Book
Published: Washington : Microsoft Press , 2000
Subjects:

MARC

LEADER 00000cam a2200000 7i4500
001 0000060769
005 20020912.0
020 |a 073560987X 
090 0 0 |a 005.4465   |b HAR 
100 1 |a Hartsfvang, Bjoern-Erik 
245 1 0 |a Do It Yourself Microsoft Windows Me   |c Bjoern-Erik Hartsfvang 
260 |a Washington :   |b Microsoft Press ,   |c 2000 
300 |a 332p. ;   |c 24cm. 
650 0 0 |a Microsoft Windows (Computer file) 
999 |a 135995   |b BUKU   |c PINJAMAN   |e PERPUSTAKAAN KOMUNITI PETALING JAYA